Quel Hokage dans Naruto ( Moyen ) - Statistiques

Statistiques générales
  • Ce quiz a été pris 469 fois
  • Le résultat moyen est 6 sur 7
Statistiques - réponses
Question Réponse % Correct
Dans cette liste, quel Hokage est mort en dernier ? Hiruzen
98%
Quel Hokage a lui seul vaincu 10 000 ninjas en 1 seconde Minato
92%
Quel Hokage n'a pas affronté l'akatsuki Hashirama
89%
quel Hokage avait comme élément de prédilection la foudre ? Kakashi
82%
Quel Hokage n'a aucun lien avec Konohamaru dans cette liste ? Tsunade
82%
Quel Hokage n'a pas le bon nom de famille ? Naruto
73%
Quel Hokage n'est pas marié ( du moins nous ne la connaisont pas ) Tobirama
72%
Aucun quiz correspondant
Distribution des résultats
% des personnes avec chaque résultat
Percentile par nombre de réponses
Votre historique - résultats
Vous n’avez pas pris ce quiz